| Tag |
First Indicator |
Second Indicator |
Subfields |
| LEADER |
00000cam a2200000 i 4500 |
| 001 |
in00000012769 |
| 005 |
20151007051910.0 |
| 008 |
790925c1975 nyu 00000 eng d |
| 035 |
|
|
|a (OCoLC)05425408
|
| 035 |
|
|
|9 AAA5345AM
|
| 040 |
|
|
|a IRU
|c IRU
|d m.c.
|d TXA
|d UtOrBLW
|
| 049 |
|
|
|a TXAM
|c [A11025743]
|
| 050 |
|
4 |
|a BL615
|b .E4 1975b
|
| 100 |
1 |
|
|a Eliade, Mircea,
|d 1907-1986.
|
| 245 |
1 |
0 |
|a Rites and symbols of initiation :
|b the mysteries of birth and rebirth /
|c Mircea Eliade ; translated from the French by Willard R. Trask.
|
| 264 |
|
1 |
|a New York :
|b Harper & Row,
|c 1975
|
| 264 |
|
4 |
|c ©1958
|
| 300 |
|
|
|a xv, 175 pages ;
|c 2l cm.
|
| 336 |
|
|
|a text
|b txt
|2 rdacontent
|
| 337 |
|
|
|a unmediated
|b n
|2 rdamedia
|
| 338 |
|
|
|a volume
|b nc
|2 rdacarrier
|
| 490 |
0 |
|
|a Harper torchbooks ;
|v TB 1236
|
| 500 |
|
|
|a "First published by Harper & Brothers in 1958 under the title Birth and rebirth."
|
| 504 |
|
|
|a Includes bibliographical references and index.
|
| 650 |
|
0 |
|a Initiation rites.
|
| 999 |
|
|
|a MARS
|
| 999 |
f |
f |
|s a0bb7fbb-bbe5-3d6f-b305-c086aa674ae3
|i ead761c8-ea21-3b36-a6ff-010af6ccdbde
|t 0
|
| 952 |
f |
f |
|p normal
|a Texas A&M University
|b College Station
|c Sterling C. Evans Library
|d Evans: Library Stacks
|t 0
|e BL615 .E4 1975b
|h Library of Congress classification
|i unmediated -- volume
|m A14811025743
|
| 998 |
f |
f |
|a BL615 .E4 1975b
|t 0
|l Evans: Library Stacks
|